Fr. Conceicao Rodrigues College of Engineering

SQL and PL/SQL for Oracle 10g Black Book (Record no. 20040)

MARC details
000 -LEADER
fixed length control field 00358nam a2200169Ia 4500
082 ## - DEWEY DECIMAL CLASSIFICATION NUMBER
Classification number 005.133/DES
Item number DES
100 ## - MAIN ENTRY--PERSONAL NAME
Personal name Deshpande/P.S
250 ## - EDITION STATEMENT
Edition statement 2
245 ## - TITLE STATEMENT
Title SQL and PL/SQL for Oracle 10g Black Book
260 ## - PUBLICATION, DISTRIBUTION, ETC.
Name of publisher, distributor, etc. Dreamtech
Place of publication, distribution, etc. Mumbai
Date of publication, distribution, etc. 2007
366 ## - TRADE AVAILABILITY INFORMATION
Publishers's discount category 17.5
300 ## - PHYSICAL DESCRIPTION
Extent 524
546 ## - LANGUAGE NOTE
Language note ENGLISH
650 ## - SUBJECT ADDED ENTRY--TOPICAL TERM
Topical term or geographic name entry element SQL
654 ## - SUBJECT ADDED ENTRY--FACETED TOPICAL TERMS
Focus term SQL
942 ## - ADDED ENTRY ELEMENTS (KOHA)
Koha item type BOOK
Holdings
Withdrawn status Lost status Damaged status Not for loan Collection Home library Current library Date acquired Source of acquisition Cost, normal purchase price Inventory number Total Checkouts Full call number Barcode Date last seen Cost, replacement price Price effective from Koha item type
        CRC Fr. Agnel's C.Rodrigues College of Engineering Fr. Agnel's C.Rodrigues College of Engineering 17/03/2023 Educational books and periodicals 329.18 134 dt 30/12/2008   005.133/DES DES 19240 17/03/2023 399.00   BOOK